| 000 | 00579nam a2200145Ia 4500 | ||
|---|---|---|---|
| 008 | 231129s1999||||xx |||||||||||||| ||spa|| | ||
| 020 | _a958-8018-20-X | ||
| 040 | _bspa | ||
| 082 | _a371.3028 B675u | ||
| 100 | _aBogotá. Alcaldía Mayor. Instituto para la Investigación Educativa y el Desarrollo Pedagógico | ||
| 245 | 0 | _aUna pasión hecha proyecto: la innovación en la escuela | |
| 260 | _c1999 | ||
| 264 | _aSantafé de Bogotá Colombia : Instituto para la investigación educativa y el desarrollo pedagógico | ||
| 942 |
_2ddc _cBKS |
||
| 999 |
_c26003 _d26003 |
||